|
|
|
|
| LEADER |
02505nem a2200565 a 4500 |
| 001 |
mzk03001178639 |
| 003 |
CZ BrMZK |
| 005 |
20130805140508.0 |
| 007 |
aj|canzn |
| 008 |
080111s1780 xv ij|||||a|||r|0|||lat|d |
| 034 |
1 |
|
|a a
|b 1500000
|d E0141819
|e E0260000
|f N0495000
|g N0434500
|
| 040 |
|
|
|a BOA001
|b cze
|d BOE950
|
| 043 |
|
|
|a e-hu---
|a e-rm---
|a e-ci---
|a e-bu---
|
| 072 |
|
7 |
|a 912:904
|x Staré mapy
|2 Konspekt
|9 7
|
| 080 |
|
|
|a (439)
|2 MRF
|
| 080 |
|
|
|a (498)
|2 MRF
|
| 080 |
|
|
|a (497.5)
|2 MRF
|
| 080 |
|
|
|a (497.2)
|2 MRF
|
| 080 |
|
|
|a (084.3)
|2 MRF
|
| 100 |
1 |
|
|a Krieger, Samuel
|4 aut
|
| 245 |
1 |
0 |
|a Regni Hungariae in suos Circulos et Comitatus divisi Tabula nova
|h [kartografický dokument] /
|c ex recentioribus Astronomorum & Geometrarum observationibus concinnata a Samuele Krieger Regio ad Excets. Cons. Regl. Hungl. Mathematico ; Jacob Adam, sculp. Viennae
|
| 255 |
|
|
|a Měřítko [ca 1:1 500 000]. 7,5 cm = 15 Milliaria Germanica = 23 Milliaria Hungarica
|c (014°18´19" v.d.--026°00´00" v.d./049°50´00" s.š.--043°45´00" s.š.)
|
| 260 |
|
|
|a Posonii :
|b Sumtibus A. Loewii,
|c [1780]
|
| 300 |
|
|
|a 1 mapa :
|b ručně kolorovaná mědirytina ;
|c 47 x 68,5 cm
|
| 500 |
|
|
|a Mapa je rozdělena na 6 částí a podlepena plátnem
|
| 500 |
|
|
|a Výzdoba: V levém horním rohu názvové údaje v ozdobné kartuši, vpravo nahoře měřítka
|
| 510 |
3 |
|
|a ÖNB (Österreichische Nationalbibliothek)
|
| 510 |
3 |
|
|a Dörflinger, J. Österreichische Karten des 18. Jahrhunderts,
|c s. 79
|
| 561 |
|
|
|a Provenience: [stará signatura] 14.18.
|
| 561 |
|
|
|a Provenience: [stará signatura] H 89
|
| 561 |
|
|
|a Provenience: [m.p.] Ungarn in zehn Disctricte mit den Miliotair=Grenzen
|
| 561 |
|
|
|a Provenience: [m.p.] U 14
|
| 655 |
|
7 |
|a staré mapy
|7 fd674099
|2 czenas
|
| 651 |
|
7 |
|a Maďarsko
|7 ge129985
|2 czenas
|
| 651 |
|
7 |
|a Rumunsko
|7 ge130694
|2 czenas
|
| 651 |
|
7 |
|a Chorvatsko
|7 ge128941
|2 czenas
|
| 651 |
|
7 |
|a Bulharsko
|7 ge128857
|2 czenas
|
| 700 |
1 |
|
|a Adam, Jakob,
|d 1748-1811
|7 ola2008419205
|4 egr
|
| 700 |
1 |
|
|a Loew, Anton
|4 oth
|
| 700 |
1 |
|
|a Windisch
|4 pbl
|
| 776 |
0 |
|
|t Mapa patří do atlasu:
|g Geographie des Königreichs Ungarn von Karl Gottlieb von Windisch
|
| 903 |
|
|
|a RP
|
| 910 |
|
|
|e BOE950
|c R - DCCCXVIII (I.II.a)
|
| 978 |
|
|
|b Loew, Anton
|a Bratislava
|c 1780
|
| 984 |
|
|
|a Bratislava
|b Slovensko
|
| 985 |
|
|
|a 1751-1800
|
| 990 |
|
|
|a MP
|
| 996 |
|
|
|e BOE950
|c R - DCCCXVIII (I.II.a)
|
| 991 |
|
|
|k rajhrad
|
| 980 |
|
|
|c 290479
|g R - DCCCXVIII (I.II.a)
|d 20080211
|t 5
|1 328100290479
|z KR
|